000 01143nam a2200301 i 4500
001 bg
245 0 0 _aDiagnostyka procesów przemysłowych =
_bDiagnostics of industrial processes : III Krajowa Konferencja Naukowo-Techniczna, Jurata 7-10 września 1998 /
_cred. nauk. Zdzisław Kowalczuk ; Politechnika Gdańska.
260 _aGdańsk :
_bPG,
_c1998.
300 _a474 s. :
_bfot., rys., wykr. ;
_c30 cm.
500 _aTekst. częśc. ang. - Streszcz. ang., pol. przy ref.
504 _aBibliogr. przy ref.
650 9 _aDiagnostyka techniczna
_xmetody
650 9 _aInteligencja sztuczna
_xstosowanie
_xprzemysł
650 9 _aKomputery
_xstosowanie
_xprzemysł
650 9 _aMatematyka
_xstosowanie
_xtechnika
650 9 _aNiezawodność urządzeń
_xbadanie
650 9 _aSystemy ekspertowe
_xstosowanie
_xprzemysł
655 _aMateriały konferencyjne
700 1 _aKOWALCZUK, Zdzisław.
_eRed.
710 0 _aPolitechnika Gdańska
020 _a8390759152
040 _cBPK
041 0 _aplen
_benpl
080 _a62-1/-8:004:51](061)
920 _a83-907591-5-2
942 _cKS
008 s pl f |000 0 pol
999 _c34766
_d34766
856 _uhttp://koha.tu.koszalin.pl/cgi-bin/koha/opac-detail.pl?biblionumber=34766
_yKatalog online BPK